Türkan Şoray Filmleri - Statistics

General Stats
  • This quiz has been taken 7 times
  • The average score is 3 of 15
Answers on the Grid
Answers color-coded by a green-red scale on the quiz's grid according to % correct below.
Dönüş
Ah Nerede
Selvi Boylum Al Yazmalım
Mine
Gülen Yüzler
Arım, Balım, Peteğim
Düğün
Tatlı Dilim
Yalancı
Ateş Parçası
Melek mi, Şeytan mı?
Susuz Yaz
Fosforlu Cevriyem
Yol
Herhangi Bir Kadın
Vurun Kahpeye
Acele Koca Aranıyor
Acı Hayat
Sisli Hatıralar
Bodrum Hakimi
Mavi Boncuk
Bizim Aile
Yalancı Yarim
Güllü
Sürü
Dünyanın En Güzel Kadını
Aşk Mabudesi
Canım Kardeşim
Yürek Yarası
Ezo Gelin
 
Answer Stats
Answer % Correct
Selvi Boylum Al Yazmalım
80%
Dünyanın En Güzel Kadını
40%
Fosforlu Cevriyem
40%
Acele Koca Aranıyor
20%
Acı Hayat
20%
Arım, Balım, Peteğim
20%
Bodrum Hakimi
20%
Dönüş
20%
Güllü
20%
Melek mi, Şeytan mı?
20%
Sisli Hatıralar
20%
Aşk Mabudesi
0%
Ateş Parçası
0%
Mine
0%
Yalancı
0%
No matching quizzes found
Score Distribution
Percent of People with Each Score
Percentile by Number Answered
Your Score History
You have not taken this quiz